Italian regions except 11 are missing - Statistics

General Stats
  • This quiz has been taken 15 times
  • The average score is 7 of 9
Answer Stats
Hint Answer % Correct
2 Abruzzo
82%
8 Molise
82%
7 Sardinia
82%
5 Umbria
82%
3 Campania
73%
4 Emilia-Romagna
73%
6 Liguria
73%
1 Marche
73%
9 Aosta Valley
45%
No matching quizzes found
Score Distribution
Percent of People with Each Score
Percentile by Number Answered
Your Score History
You have not taken this quiz